Network18 (Record no. 344734)
[ view plain ]
| 000 -LEADER | |
|---|---|
| fixed length control field | 00500nam a2200169Ia 4500 |
| 008 - FIXED-LENGTH DATA ELEMENTS--GENERAL INFORMATION | |
| fixed length control field | 230718s9999 xx 000 0 und d |
| 020 ## - INTERNATIONAL STANDARD BOOK NUMBER | |
| International Standard Book Number | 9780143428961 |
| 041 ## - LANGUAGE CODE | |
| Language code of text/sound track or separate title | eng |
| 082 ## - DEWEY DECIMAL CLASSIFICATION NUMBER | |
| Classification number | 658.402 |
| Item number | KAN |
| 100 ## - MAIN ENTRY--PERSONAL NAME | |
| Personal name | Kannan I. |
| 9 (RLIN) | 200070 |
| 245 ## - TITLE STATEMENT | |
| Title | Network18 |
| Remainder of title | The Audacious Story Of A Start-Up That Became A Media Empire |
| 260 ## - PUBLICATION, DISTRIBUTION, ETC. (IMPRINT) | |
| Date of publication, distribution, etc. | 2016 |
| Name of publisher, distributor, etc. | Portfolio /Penguin |
| 300 ## - PHYSICAL DESCRIPTION | |
| Extent | 319 |
| 365 ## - TRADE PRICE | |
| Currency code | Rs. |
| Price amount | 399.00 |
| 700 ## - ADDED ENTRY--PERSONAL NAME | |
| Personal name | Kannan I. |
| 9 (RLIN) | 200070 |
| 906 ## - LOCAL DATA ELEMENT F, LDF (RLIN) | |
| d | O:0554313-Jun-2017B:320104-May-2017 |
| c | MGMT |
| b | 87.78 |
| Withdrawn status | Lost status | Damaged status | Not for loan | Home library | Current library | Date acquired | Vendor | Budget Code | Cost, normal purchase price | Bill number | Total Checkouts | Full call number | Barcode | Date last seen | Discount | Cost, replacement price | Bill Date | Koha item type | Original Barcode |
|---|---|---|---|---|---|---|---|---|---|---|---|---|---|---|---|---|---|---|---|
| Cummins College of Engineering for Women Pune | Cummins College of Engineering for Women Pune | 13/06/2017 | Technical Book Services | MGMT | 311.22 | 3201 | 658.402 | CCEP-BK-55941 | 18/07/2023 | 87.78 | 399.00 | 04/05/2017 | Books | 055941 |